| 000 | 00989nam a22002177a 4500 | ||
|---|---|---|---|
| 003 | BUBTL | ||
| 008 | 240206b ||||| |||| 00| 0 eng d | ||
| 020 | _a9845120067 | ||
| 082 | _a954.92/ Is41b/ 2007 | ||
| 245 |
_aবাংলাদেশের ইতিহাস ১৭০৪-১৯৭১ তৃতীয় খন্ড সামাজিক ও সাংস্কৃতিক ইতিহাস / _cসিরাজুল ইসলাম |
||
| 250 | _a3rd ed | ||
| 260 |
_aঢাকা: _bবাংলাদেশ এশিয়াটিক সোসাইটি, _cc2007 |
||
| 300 |
_a653 p. : _c24 cm. |
||
| 500 | _aIncludes Index | ||
| 505 | _aবাংলাদেশের ইতিহাস, সামাজিক ও সাংস্কৃতিক ইতিহাস | ||
| 650 | 0 |
_91755 _aমুক্তিযুদ্ধ |
|
| 700 |
_95554 _aইসলাম, সিরাজুল |
||
| 856 |
_k0 _l0 _yDownload |
||
| 942 |
_2ddc _cBK |
||
| 999 |
_c7203 _d7203 |
||